书目信息 |
| 题名: |
刘文典
|
|
| 作者: | 章玉政 著 | |
| 分册: | ||
| 出版信息: | 沈阳 辽宁人民出版社 2015 |
|
| 页数: | 204页 | |
| 开本: | 24cm | |
| 丛书名: | 文化怪杰 | |
| 单 册: | ||
| 中图分类: | I253.4 | |
| 科图分类: | ||
| 主题词: | 纪实文学--中国--当代 | |
| 电子资源: | ||
| ISBN: | 978-7-205-08351-9 | |
| 000 | 00908oam2 2200265 45 | |
| 001 | 012001003381 | |
| 005 | 20140926114740.0 | |
| 010 | @a978-7-205-08351-9@dCNY26.80 | |
| 100 | @a20151126d2015 em y0chiy50 ea | |
| 101 | 0 | @achi |
| 102 | @aCN@b210000 | |
| 105 | @aa z 000yy | |
| 106 | @ar | |
| 200 | 1 | @a刘文典@9liu wen dian@e狂士本色@f章玉政著 |
| 210 | @a沈阳@c辽宁人民出版社@d2015 | |
| 215 | @a204页@c照片@d24cm | |
| 225 | 2 | @a文化怪杰 |
| 330 | @a本书叙述了一代国学大师刘文典的生平际遇,作者没有单纯按照时间轴线流水讲述,而是以刘文典人生中重点事件和重大时间点为提纲,将人物性格凸显于纸上。刘文典的才学深厚、个性强硬,无愧于民国第一狂人的称号。 | |
| 461 | 0 | @12001 @a文化怪杰 |
| 517 | 1 | @a狂士本色@9kuang shi ben se |
| 606 | 0 | @a纪实文学@y中国@z当代 |
| 690 | @aI253.4@v5 | |
| 701 | 0 | @a章玉政@9zhang yu zheng@4著 |
| 801 | 0 | @aCN@b上海新华@c20180901 |
| 905 | @b1162736-40@dI253.4@e1073@f5 | |
| 刘文典:狂士本色/章玉政著.-沈阳:辽宁人民出版社,2015 |
| 204页:照片;24cm.-(文化怪杰) |
| ISBN 978-7-205-08351-9:CNY26.80 |
| 本书叙述了一代国学大师刘文典的生平际遇,作者没有单纯按照时间轴线流水讲述,而是以刘文典人生中重点事件和重大时间点为提纲,将人物性格凸显于纸上。刘文典的才学深厚、个性强硬,无愧于民国第一狂人的称号。 |
| ● |
| 相关链接 |
|
|
|
|
正题名:刘文典
索取号:I253.4/1073
 
预约/预借
| 序号 | 登录号 | 条形码 | 馆藏地/架位号 | 状态 | 备注 |
| 1 | 1162736 | 211627364 | 第一样本阅览室/ [索取号:I253.4/1073] | 在馆 | |
| 2 | 1162737 | 211627373 | 第二借阅区/ [索取号:I253.4/1073] | 在馆 | |
| 3 | 1162738 | 211627382 | 第二借阅区/ [索取号:I253.4/1073] | 在馆 | |
| 4 | 1162739 | 211627391 | 第二借阅区/ [索取号:I253.4/1073] | 在馆 | |
| 5 | 1162740 | 211627408 | 密集书库-文学院/ [索取号:I253.4/1073] | 在馆 |